[Event "7eme Open de Saint-Chely d'Aubrac"]
[Site "Saint-Chely d'Aubrac (12)"]
[Date "2007.07.17"]
[Round "5.27"]
[White "Causse, Michel"]
[Black "Schneider, Martin"]
[Result "1-0"]
[WhiteElo "1360"]
[BlackElo "1199"]
[PlyCount "121"]
[EventDate "2007.??.??"]

1. d4 d5 2. c4 e6 3. Nf3 Nc6 4. Nc3 Nf6 5. Bg5 Be7 6. e3 h6 7. Bh4 O-O 8. Bd3
b6 9. O-O Bb7 10. Rc1 Nd7 11. Bxe7 Nxe7 12. Re1 Nc6 13. cxd5 exd5 14. Nxd5 Ne7
15. Nxe7+ Qxe7 16. Rxc7 Bd5 17. b3 Qd6 18. Rc1 Bxf3 19. Qxf3 Qf6 20. Qxf6 Nxf6
21. Rc7 Nd5 22. Rcc1 Nb4 23. Bb1 Rac8 24. h3 b5 25. a3 Na6 26. Bd3 Nc7 27. Rc2
Nd5 28. Rec1 Rxc2 29. Rxc2 a6 30. Rc5 Rd8 31. Be4 Nf6 32. f3 Re8 33. Re5 Rc8
34. Rc5 Re8 35. Kf2 Nxe4+ 36. fxe4 Rxe4 37. Re5 Rxe5 38. dxe5 Kf8 39. Kf3 Ke7
40. Kf4 Ke6 41. Ke4 Kd7 42. Kd5 h5 43. h4 g6 44. e4 Ke7 45. g3 Kd7 46. b4 Ke7
47. Kc6 Ke6 48. Kb6 Kxe5 49. Kxa6 Kxe4 50. Kxb5 f5 51. Kc4 Kf3 52. b5 Kxg3 53.
b6 f4 54. b7 Kxh4 55. b8=Q g5 56. Qb1 g4 57. Qh1+ Kg5 58. Kd3 g3 59. Qh3 h4 60.
Ke2 Kh5 61. Kf3 1-0

[Event "7eme Open de Saint-Chely d'Aubrac"]
[Site "Saint-Chely d'Aubrac (12)"]
[Date "2007.07.17"]
[Round "5.28"]
[White "Le Picard, Christopher"]
[Black "Carrie, Emilien"]
[Result "1-0"]
[WhiteElo "1560"]
[BlackElo "1240"]
[PlyCount "89"]
[EventDate "2007.??.??"]

1. d4 d5 2. c4 Nf6 3. Nc3 Nc6 4. Nf3 dxc4 5. e4 e6 6. Bxc4 Bb4 7. Bg5 Qd6 8. e5
Qe7 9. exf6 gxf6 10. Bh6 e5 11. dxe5 Nxe5 12. Nxe5 Qxe5+ 13. Qe2 Bg4 14. Qxe5+
fxe5 15. f3 Bd7 16. O-O-O O-O-O 17. g3 f6 18. Bg7 Rhe8 19. Bxf6 Rf8 20. Bxd8
Kxd8 21. Be6 Bd6 22. Bxd7 Kxd7 23. Rd3 Kc8 24. Rhd1 a6 25. Ne4 Be7 26. Rd7 Re8
27. R7d5 Bf8 28. Nf6 Bh6+ 29. Kb1 Rf8 30. Nxh7 Rg8 31. Rxe5 c6 32. f4 Bg7 33.
Rg5 Kc7 34. Nf6 Rc8 35. Rxg7+ Kb6 36. Rdd7 Rb8 37. Ne4 a5 38. f5 Ka7 39. Rxb7+
Rxb7 40. Rxb7+ Kxb7 41. f6 Kb6 42. f7 Kb5 43. f8=Q Kb6 44. Qb8+ Ka6 45. Nc5#
1-0